000 00502nab a2200145Ia 4500
003 ES-SlBCS
005 20210601124413.0
008 140529s1975 xxu||||| |||| 00| 0 eng d
041 _aeng
100 1 _aFay, Thomas A.
_950147
245 0 4 _aThe Problem of Primary Substance in Aristotle's Metaphysics and Some Recent Interpretations
_c Thomas A. Fay
600 0 4 _aAristóteles
_tMetafísica
_9133327
773 0 _tGiornali di Metafisica
_gvol. 30, nº. 5-6, 1975, págs. 657-664
_w0017-0372
942 _cAR
999 _c514230
_d514230